[Event "ODJM C 2023"]
[Site "Willingen GER"]
[Date "2023.05.31"]
[Round "6"]
[White "Börner, Eric"]
[Black "Lang, Samuel"]
[Result "1-0"]
[Termination "normal"]
[Board "15"]
[WhiteElo "1287"]
[BlackElo "1159"]
[WhiteClock "00:54:51"]
[BlackClock "01:12:20"]
[PlyCount "65"]
[WhiteFideId "34608362"]
[BlackFideId "34660526"]
[EventCountry "GER"]
[EventRounds "9"]
[EventType "swiss"]
[EventDate "2023.05.27"]

1. d4 {[%clk 01:30:57]} {[%emt 00:00:02]} Nf6 {[%clk 01:30:54]} {[%emt
00:00:07]} 2. Bf4 {[%clk 01:31:20]} {[%emt 00:00:07]} d5 {[%clk 01:31:19]}
{[%emt 00:00:06]} 3. e3 {[%clk 01:31:38]} {[%emt 00:00:10]} c5 {[%clk
01:31:43]} {[%emt 00:00:07]} 4. c3 {[%clk 01:31:27]} {[%emt 00:00:42]} Nc6
{[%clk 01:32:06]} {[%emt 00:00:06]} 5. Nf3 {[%clk 01:31:06]} {[%emt 00:00:50]}
Qb6 {[%clk 01:32:26]} {[%emt 00:00:11]} 6. Qc2 {[%clk 01:31:26]} {[%emt
00:00:10]} Bf5 {[%clk 01:32:03]} {[%emt 00:00:53]} 7. dxc5 {[%clk 01:20:03]}
{[%emt 00:11:53]} Bxc2 {[%clk 01:31:25]} {[%emt 00:01:08]} 8. cxb6 {[%clk
01:20:28]} {[%emt 00:00:05]} axb6 {[%clk 01:31:50]} {[%emt 00:00:05]} 9. Na3
{[%clk 01:20:31]} {[%emt 00:00:27]} Bf5 {[%clk 01:32:04]} {[%emt 00:00:16]} 10.
Bb5 {[%clk 01:20:48]} {[%emt 00:00:13]} Rc8 {[%clk 01:31:44]} {[%emt 00:00:51]}
11. Nh4 {[%clk 01:17:32]} {[%emt 00:03:45]} Be4 {[%clk 01:30:42]} {[%emt
00:01:33]} 12. f3 {[%clk 01:16:50]} {[%emt 00:01:12]} Bg6 {[%clk 01:27:56]}
{[%emt 00:03:15]} 13. Nxg6 {[%clk 01:17:14]} {[%emt 00:00:05]} hxg6 {[%clk
01:28:23]} {[%emt 00:00:04]} 14. O-O-O {[%clk 01:17:34]} {[%emt 00:00:10]} e6
{[%clk 01:28:28]} {[%emt 00:00:26]} 15. Nc2 {[%clk 01:10:03]} {[%emt 00:08:00]}
Be7 {[%clk 01:28:29]} {[%emt 00:00:28]} 16. Kb1 {[%clk 01:09:53]} {[%emt
00:00:40]} O-O {[%clk 01:28:52]} {[%emt 00:00:08]} 17. Nd4 {[%clk 01:07:25]}
{[%emt 00:02:57]} e5 {[%clk 01:28:25]} {[%emt 00:00:58]} 18. Bxc6 {[%clk
01:05:33]} {[%emt 00:02:22]} exd4 {[%clk 01:26:53]} {[%emt 00:02:02]} 19. Bxb7
{[%clk 01:05:51]} {[%emt 00:00:13]} Rc4 {[%clk 01:24:21]} {[%emt 00:03:01]} 20.
cxd4 {[%clk 01:04:17]} {[%emt 00:02:05]} Rd8 {[%clk 01:22:14]} {[%emt
00:02:37]} 21. Rc1 {[%clk 01:04:04]} {[%emt 00:00:43]} Ra4 {[%clk 01:22:26]}
{[%emt 00:00:17]} 22. Rc8 {[%clk 01:03:38]} {[%emt 00:00:55]} Ra7 {[%clk
01:22:31]} {[%emt 00:00:26]} 23. Rxd8+ {[%clk 01:03:31]} {[%emt 00:00:37]} Bxd8
{[%clk 01:22:54]} {[%emt 00:00:07]} 24. Bc6 {[%clk 01:03:35]} {[%emt 00:00:25]}
Ra5 {[%clk 01:22:20]} {[%emt 00:01:05]} 25. Rc1 {[%clk 01:02:21]} {[%emt
00:01:44]} Kf8 {[%clk 01:22:37]} {[%emt 00:00:13]} 26. Bg5 {[%clk 00:59:32]}
{[%emt 00:03:19]} Be7 {[%clk 01:21:42]} {[%emt 00:01:25]} 27. Bb7 {[%clk
00:56:01]} {[%emt 00:04:01]} Ra7 {[%clk 01:17:45]} {[%emt 00:04:26]} 28. Rc8+
{[%clk 00:55:29]} {[%emt 00:01:02]} Ne8 {[%emt 00:00:12]} 29. Bc6 {[%clk
00:55:50]} {[%emt 00:00:07]} f6 {[%clk 01:17:55]} {[%emt 00:00:40]} 30. Rxe8+
{[%clk 00:55:25]} {[%emt 00:00:55]} Kf7 {[%clk 01:18:17]} {[%emt 00:00:08]} 31.
Bf4 {[%clk 00:55:15]} {[%emt 00:00:39]} g5 {[%clk 01:18:36]} {[%emt 00:00:13]}
32. Bg3 {[%clk 00:54:50]} {[%emt 00:00:54]} f5 {[%clk 01:12:20]} {[%emt
00:06:46]} 33. Ra8 {[%clk 00:54:51]} {[%emt 00:00:29]} 1-0

[Event "ODJM C 2023"]
[Site "Willingen GER"]
[Date "2023.05.31"]
[Round "6"]
[White "Claussen, Daniela"]
[Black "Janssen, Julika"]
[Result "1/2-1/2"]
[Termination "normal"]
[Board "16"]
[WhiteElo "1043"]
[BlackElo "1286"]
[WhiteClock "00:46:08"]
[BlackClock "00:46:41"]
[PlyCount "64"]
[WhiteFideId "16248929"]
[BlackFideId "16287339"]
[EventCountry "GER"]
[EventRounds "9"]
[EventType "swiss"]
[EventDate "2023.05.27"]

1. e3 {[%clk 01:30:58]} {[%emt 00:00:01]} e5 {[%clk 01:30:37]} {[%emt
00:00:23]} 2. b3 {[%clk 01:31:21]} {[%emt 00:00:07]} d6 {[%clk 01:30:37]}
{[%emt 00:00:30]} 3. Bb2 {[%clk 01:31:43]} {[%emt 00:00:08]} Nf6 {[%clk
01:30:57]} {[%emt 00:00:10]} 4. Nf3 {[%clk 01:31:51]} {[%emt 00:00:22]} Be7
{[%clk 01:30:26]} {[%emt 00:01:01]} 5. d3 {[%clk 01:31:28]} {[%emt 00:00:53]}
O-O {[%clk 01:29:35]} {[%emt 00:01:21]} 6. Nbd2 {[%clk 01:31:37]} {[%emt
00:00:22]} b6 {[%clk 01:27:58]} {[%emt 00:02:07]} 7. Be2 {[%clk 01:30:30]}
{[%emt 00:01:37]} Bb7 {[%clk 01:27:56]} {[%emt 00:00:32]} 8. O-O {[%clk
01:28:59]} {[%emt 00:02:00]} Nbd7 {[%clk 01:26:48]} {[%emt 00:01:36]} 9. Re1
{[%clk 01:26:33]} {[%emt 00:02:57]} Re8 {[%clk 01:23:31]} {[%emt 00:03:47]} 10.
c4 {[%clk 01:23:44]} {[%emt 00:03:20]} c5 {[%clk 01:20:28]} {[%emt 00:03:32]}
11. Qc2 {[%clk 01:18:06]} {[%emt 00:06:08]} h6 {[%clk 01:19:39]} {[%emt
00:01:19]} 12. Rad1 {[%clk 01:15:06]} {[%emt 00:03:30]} Qc7 {[%clk 01:13:31]}
{[%emt 00:06:38]} 13. h3 {[%clk 01:13:49]} {[%emt 00:01:47]} Nf8 {[%clk
01:12:22]} {[%emt 00:01:39]} 14. e4 {[%clk 01:08:32]} {[%emt 00:05:47]} Ng6
{[%clk 01:12:13]} {[%emt 00:00:40]} 15. Nf1 {[%clk 01:06:42]} {[%emt 00:02:19]}
Nh5 {[%clk 01:10:52]} {[%emt 00:01:49]} 16. N3h2 {[%clk 01:03:48]} {[%emt
00:03:26]} Nhf4 {[%clk 01:10:11]} {[%emt 00:01:11]} 17. Ng3 {[%clk 01:03:00]}
{[%emt 00:01:18]} Nxe2+ {[%clk 01:09:08]} {[%emt 00:01:34]} 18. Nxe2 {[%clk
01:01:08]} {[%emt 00:02:21]} Rf8 {[%clk 01:08:31]} {[%emt 00:01:07]} 19. Ng3
{[%clk 00:59:35]} {[%emt 00:02:03]} Bf6 {[%clk 01:06:51]} {[%emt 00:02:06]} 20.
Bc1 {[%clk 00:58:40]} {[%emt 00:01:29]} Bc6 {[%clk 01:04:42]} {[%emt 00:02:39]}
21. Rf1 {[%clk 00:57:44]} {[%emt 00:01:26]} Nf4 {[%clk 01:01:55]} {[%emt
00:03:16]} 22. Ne2 {[%clk 00:55:52]} {[%emt 00:02:23]} Nxe2+ {[%clk 00:59:46]}
{[%emt 00:02:39]} 23. Qxe2 {[%clk 00:56:12]} {[%emt 00:00:10]} Bd7 {[%clk
00:58:43]} {[%emt 00:01:33]} 24. Qf3 {[%clk 00:55:31]} {[%emt 00:01:11]} Qd8
{[%clk 00:57:21]} {[%emt 00:01:46]} 25. Qh5 {[%clk 00:51:02]} {[%emt 00:05:05]}
Bg5 {[%clk 00:52:01]} {[%emt 00:05:50]} 26. Bxg5 {[%clk 00:50:53]} {[%emt
00:00:38]} Qxg5 {[%clk 00:51:00]} {[%emt 00:01:31]} 27. Qxg5 {[%clk 00:51:06]}
{[%emt 00:00:17]} hxg5 {[%clk 00:51:23]} {[%emt 00:00:08]} 28. Ng4 {[%clk
00:51:25]} {[%emt 00:00:11]} b5 {[%clk 00:51:08]} {[%emt 00:00:45]} 29. Ne3
{[%clk 00:49:21]} {[%emt 00:02:34]} Bc6 {[%clk 00:50:14]} {[%emt 00:01:16]} 30.
Ra1 {[%clk 00:47:55]} {[%emt 00:02:05]} b4 {[%clk 00:49:55]} {[%emt 00:00:49]}
31. f3 {[%clk 00:46:43]} {[%emt 00:01:41]} g6 {[%clk 00:48:44]} {[%emt
00:01:41]} 32. g4 {[%clk 00:46:08]} {[%emt 00:01:05]} Kg7 {[%clk 00:46:41]}
{[%emt 00:02:32]} 1/2-1/2

[Event "ODJM C 2023"]
[Site "Willingen GER"]
[Date "2023.05.31"]
[Round "6"]
[White "Baihaghi, Arash"]
[Black "Gold, Finnja"]
[Result "1/2-1/2"]
[Termination "normal"]
[Board "18"]
[WhiteElo "1226"]
[BlackElo "1103"]
[WhiteClock "01:22:47"]
[BlackClock "00:00:43"]
[PlyCount "93"]
[WhiteFideId "34604979"]
[BlackFideId "34660453"]
[EventCountry "GER"]
[EventRounds "9"]
[EventType "swiss"]
[EventDate "2023.05.27"]

1. e4 {[%emt 01:48:25]} c5 {[%clk 01:30:54]} {[%emt 00:00:05]} 2. Nf3 {[%clk
01:31:26]} {[%emt 00:00:04]} a6 {[%clk 01:31:17]} {[%emt 00:00:07]} 3. c4
{[%clk 01:31:45]} {[%emt 00:00:10]} d6 {[%clk 01:28:54]} {[%emt 00:02:52]} 4.
d4 {[%clk 01:32:06]} {[%emt 00:00:09]} cxd4 {[%clk 01:29:04]} {[%emt 00:00:21]}
5. Nxd4 {[%clk 01:32:23]} {[%emt 00:00:12]} e5 {[%clk 01:28:46]} {[%emt
00:00:48]} 6. Nf3 {[%clk 01:32:39]} {[%emt 00:00:13]} Nf6 {[%clk 01:27:15]}
{[%emt 00:02:02]} 7. Nc3 {[%clk 01:32:54]} {[%emt 00:00:15]} Be7 {[%clk
01:25:10]} {[%emt 00:02:35]} 8. Be2 {[%clk 01:32:59]} {[%emt 00:00:26]} O-O
{[%clk 01:25:07]} {[%emt 00:00:33]} 9. O-O {[%clk 01:33:19]} {[%emt 00:00:09]}
Be6 {[%clk 01:20:50]} {[%emt 00:04:47]} 10. h3 {[%clk 01:32:38]} {[%emt
00:01:11]} Nc6 {[%clk 01:15:32]} {[%emt 00:05:48]} 11. Be3 {[%clk 01:32:48]}
{[%emt 00:00:20]} Rc8 {[%clk 01:02:57]} {[%emt 00:13:05]} 12. b3 {[%clk
01:32:25]} {[%emt 00:00:53]} Rb8 {[%clk 00:51:37]} {[%emt 00:11:50]} 13. Qd2
{[%clk 01:29:55]} {[%emt 00:03:00]} Qd7 {[%clk 00:50:53]} {[%emt 00:01:14]} 14.
Ng5 {[%clk 01:29:53]} {[%emt 00:00:32]} Rfe8 {[%clk 00:44:45]} {[%emt
00:06:38]} 15. Nxe6 {[%clk 01:30:13]} {[%emt 00:00:10]} fxe6 {[%clk 00:44:57]}
{[%emt 00:00:18]} 16. Rad1 {[%clk 01:29:20]} {[%emt 00:01:23]} Qc7 {[%clk
00:40:14]} {[%emt 00:05:13]} 17. Bd3 {[%clk 01:27:46]} {[%emt 00:02:05]} Nd4
{[%clk 00:36:45]} {[%emt 00:04:00]} 18. Bxd4 {[%clk 01:27:35]} {[%emt
00:00:41]} exd4 {[%clk 00:36:51]} {[%emt 00:00:23]} 19. Ne2 {[%clk 01:27:56]}
{[%emt 00:00:09]} e5 {[%clk 00:36:52]} {[%emt 00:00:30]} 20. f4 {[%clk
01:28:20]} {[%emt 00:00:07]} Qc6 {[%clk 00:31:42]} {[%emt 00:05:40]} 21. fxe5
{[%clk 01:27:02]} {[%emt 00:01:47]} dxe5 {[%clk 00:32:01]} {[%emt 00:00:11]}
22. Ng3 {[%clk 01:27:10]} {[%emt 00:00:22]} b6 {[%clk 00:27:42]} {[%emt
00:04:49]} 23. Qg5 {[%clk 01:27:04]} {[%emt 00:00:36]} Nd7 {[%clk 00:26:36]}
{[%emt 00:01:36]} 24. Qg4 {[%clk 01:26:31]} {[%emt 00:01:02]} Nc5 {[%clk
00:25:27]} {[%emt 00:01:40]} 25. Nf5 {[%clk 01:26:16]} {[%emt 00:00:43]} Bf6
{[%clk 00:24:36]} {[%emt 00:01:21]} 26. Nh6+ {[%clk 01:26:10]} {[%emt
00:00:36]} Kh8 {[%clk 00:22:52]} {[%emt 00:02:15]} 27. Nf7+ {[%clk 01:26:23]}
{[%emt 00:00:17]} Kg8 {[%clk 00:23:10]} {[%emt 00:00:12]} 28. Nh6+ {[%clk
01:26:05]} {[%emt 00:00:48]} Kh8 {[%clk 00:23:29]} {[%emt 00:00:11]} 29. Nf5
{[%clk 01:26:17]} {[%emt 00:00:18]} Nxd3 {[%clk 00:22:18]} {[%emt 00:01:41]}
30. Rxd3 {[%clk 01:26:32]} {[%emt 00:00:15]} Qb7 {[%clk 00:16:24]} {[%emt
00:06:23]} 31. Nd6 {[%clk 01:26:49]} {[%emt 00:00:14]} Qc6 {[%clk 00:15:45]}
{[%emt 00:01:10]} 32. Nxe8 {[%clk 01:27:09]} {[%emt 00:00:10]} Rxe8 {[%clk
00:15:50]} {[%emt 00:00:24]} 33. Rg3 {[%clk 01:26:56]} {[%emt 00:00:43]} Qd6
{[%clk 00:14:49]} {[%emt 00:01:31]} 34. Qh5 {[%clk 01:26:48]} {[%emt 00:00:36]}
Rf8 {[%clk 00:14:13]} {[%emt 00:01:09]} 35. Qf3 {[%clk 01:25:42]} {[%emt
00:01:37]} Be7 {[%clk 00:13:00]} {[%emt 00:01:42]} 36. Qe2 {[%clk 01:25:43]}
{[%emt 00:00:29]} Rd8 {[%clk 00:12:11]} {[%emt 00:01:18]} 37. Rf7 {[%clk
01:25:42]} {[%emt 00:00:31]} Bf6 {[%clk 00:11:46]} {[%emt 00:00:55]} 38. Qg4
{[%clk 01:25:34]} {[%emt 00:00:38]} Rg8 {[%clk 00:10:31]} {[%emt 00:01:45]} 39.
Qd7 {[%clk 01:25:13]} {[%emt 00:00:52]} Qc5 {[%clk 00:09:16]} {[%emt 00:01:45]}
40. Qe6 {[%clk 01:25:09]} {[%emt 00:00:34]} d3+ {[%clk 00:05:24]} {[%emt
00:04:22]} 41. Kh2 {[%clk 01:25:27]} {[%emt 00:00:12]} d2 {[%clk 00:04:44]}
{[%emt 00:01:09]} 42. Rd3 {[%clk 01:25:21]} {[%emt 00:00:36]} Qf2 {[%clk
00:01:55]} {[%emt 00:03:19]} 43. Rfd7 {[%clk 01:25:09]} {[%emt 00:00:42]} Bg5
{[%clk 00:00:58]} {[%emt 00:01:26]} 44. Rf3 {[%clk 01:22:15]} {[%emt 00:03:24]}
Bf4+ {[%clk 00:00:48]} {[%emt 00:00:40]} 45. Rxf4 {[%clk 01:22:19]} {[%emt
00:00:26]} Qxf4+ {[%clk 00:00:35]} {[%emt 00:00:42]} 46. Kg1 {[%clk 01:22:28]}
{[%emt 00:00:22]} Qe3+ {[%clk 00:00:43]} {[%emt 00:00:22]} 47. Kh2 {[%clk
01:22:47]} {[%emt 00:00:11]} 1/2-1/2

[Event "ODJM C 2023"]
[Site "Willingen GER"]
[Date "2023.05.31"]
[Round "6"]
[White "Lohrmann, Flavia"]
[Black "Gyácsok, Dzvinka"]
[Result "0-1"]
[Termination "normal"]
[Board "20"]
[WhiteElo "1066"]
[BlackElo "1208"]
[WhiteClock "00:03:08"]
[BlackClock "00:02:09"]
[PlyCount "94"]
[WhiteFideId "12982865"]
[BlackFideId "16298292"]
[EventCountry "GER"]
[EventRounds "9"]
[EventType "swiss"]
[EventDate "2023.05.27"]

1. e4 {[%clk 01:30:57]} {[%emt 00:00:02]} e5 {[%clk 01:30:51]} {[%emt
00:00:10]} 2. Nf3 {[%clk 01:31:17]} {[%emt 00:00:10]} Nc6 {[%clk 01:31:10]}
{[%emt 00:00:11]} 3. Nc3 {[%clk 01:31:26]} {[%emt 00:00:21]} Nf6 {[%clk
01:31:22]} {[%emt 00:00:18]} 4. d4 {[%clk 01:31:01]} {[%emt 00:00:55]} exd4
{[%clk 01:28:20]} {[%emt 00:03:32]} 5. Nxd4 {[%clk 01:30:57]} {[%emt 00:00:33]}
Bb4 {[%clk 01:25:24]} {[%emt 00:03:25]} 6. Nxc6 {[%clk 01:30:05]} {[%emt
00:01:24]} bxc6 {[%clk 01:24:54]} {[%emt 00:01:00]} 7. Bd2 {[%clk 01:28:56]}
{[%emt 00:01:39]} Qe7 {[%clk 01:21:13]} {[%emt 00:04:10]} 8. Bd3 {[%clk
01:24:38]} {[%emt 00:04:49]} Bxc3 {[%clk 01:15:29]} {[%emt 00:06:13]} 9. Bxc3
{[%clk 01:22:47]} {[%emt 00:02:21]} Nxe4 {[%clk 01:15:19]} {[%emt 00:00:41]}
10. O-O {[%clk 01:17:11]} {[%emt 00:06:06]} Nxc3 {[%clk 01:12:31]} {[%emt
00:03:19]} 11. bxc3 {[%clk 01:16:48]} {[%emt 00:00:52]} O-O {[%clk 01:11:39]}
{[%emt 00:01:22]} 12. Qh5 {[%clk 01:15:17]} {[%emt 00:02:00]} g6 {[%clk
01:06:03]} {[%emt 00:06:05]} 13. Qg4 {[%clk 01:13:45]} {[%emt 00:02:03]} d5
{[%clk 01:00:48]} {[%emt 00:05:45]} 14. Qg3 {[%clk 01:08:14]} {[%emt 00:06:00]}
Be6 {[%clk 00:57:22]} {[%emt 00:03:57]} 15. Rfe1 {[%clk 01:05:41]} {[%emt
00:03:03]} Qd7 {[%clk 00:55:57]} {[%emt 00:01:54]} 16. Re5 {[%clk 00:55:28]}
{[%emt 00:10:44]} Kh8 {[%clk 00:53:33]} {[%emt 00:02:55]} 17. Rae1 {[%clk
00:53:04]} {[%emt 00:02:54]} Rfe8 {[%clk 00:46:31]} {[%emt 00:07:30]} 18. Qf4
{[%clk 00:46:38]} {[%emt 00:06:56]} a5 {[%clk 00:37:09]} {[%emt 00:09:52]} 19.
Qd4 {[%clk 00:33:24]} {[%emt 00:13:44]} f6 {[%clk 00:31:44]} {[%emt 00:05:55]}
20. Rg5 {[%clk 00:31:54]} {[%emt 00:02:00]} Qg7 {[%clk 00:29:03]} {[%emt
00:03:09]} 21. Rg3 {[%clk 00:27:07]} {[%emt 00:05:19]} f5 {[%clk 00:20:32]}
{[%emt 00:09:01]} 22. Re5 {[%clk 00:19:43]} {[%emt 00:07:53]} Bd7 {[%clk
00:17:15]} {[%emt 00:03:48]} 23. f4 {[%clk 00:17:11]} {[%emt 00:02:59]} Rxe5
{[%clk 00:13:20]} {[%emt 00:04:29]} 24. fxe5 {[%clk 00:15:49]} {[%emt
00:01:52]} Be6 {[%clk 00:12:34]} {[%emt 00:01:16]} 25. h4 {[%clk 00:12:58]}
{[%emt 00:03:20]} Qh6 {[%clk 00:11:00]} {[%emt 00:02:05]} 26. Rg5 {[%clk
00:09:49]} {[%emt 00:03:39]} c5 {[%clk 00:08:58]} {[%emt 00:02:33]} 27. Qxc5
{[%clk 00:08:19]} {[%emt 00:01:59]} Qxh4 {[%clk 00:09:04]} {[%emt 00:00:24]}
28. Qe7 {[%clk 00:08:04]} {[%emt 00:00:45]} Qe1+ {[%clk 00:09:06]} {[%emt
00:00:27]} 29. Kh2 {[%clk 00:08:01]} {[%emt 00:00:33]} Qxe5+ {[%clk 00:09:00]}
{[%emt 00:00:36]} 30. g3 {[%clk 00:07:41]} {[%emt 00:00:51]} Rg8 {[%clk
00:03:48]} {[%emt 00:05:42]} 31. Bxf5 {[%clk 00:03:49]} {[%emt 00:04:21]} Qe2+
{[%clk 00:01:17]} {[%emt 00:02:56]} 32. Kh3 {[%clk 00:02:59]} {[%emt 00:01:25]}
Qf1+ {[%clk 00:01:23]} {[%emt 00:00:25]} 33. Kh4 {[%clk 00:01:13]} {[%emt
00:02:17]} Qh1+ {[%clk 00:01:07]} {[%emt 00:00:44]} 34. Kg4 {[%clk 00:01:16]}
{[%emt 00:00:28]} Bxf5+ {[%clk 00:01:08]} {[%emt 00:00:29]} 35. Kf4 {[%clk
00:00:48]} {[%emt 00:00:58]} Qc1+ {[%clk 00:01:05]} {[%emt 00:00:29]} 36. Ke5
{[%clk 00:00:36]} {[%emt 00:00:45]} Qe3+ {[%clk 00:01:19]} {[%emt 00:00:16]}
37. Kf6 {[%clk 00:01:05]} {[%emt 00:00:01]} Qxc3+ {[%clk 00:01:12]} {[%emt
00:00:37]} 38. Qe5 {[%clk 00:01:04]} {[%emt 00:00:32]} Rf8+ {[%clk 00:01:20]}
{[%emt 00:00:22]} 39. Ke7+ {[%clk 00:01:26]} {[%emt 00:00:08]} Qxe5+ {[%clk
00:01:34]} {[%emt 00:00:16]} 40. Kxf8 {[%clk 00:01:47]} {[%emt 00:00:09]} Qf6+
{[%clk 00:01:55]} {[%emt 00:00:08]} 41. Ke8 {[%clk 00:02:07]} {[%emt 00:00:10]}
Qxg5 {[%clk 00:02:04]} {[%emt 00:00:22]} 42. g4 {[%clk 00:01:46]} {[%emt
00:00:51]} Bxg4 {[%clk 00:02:20]} {[%emt 00:00:14]} 43. a4 {[%clk 00:02:06]}
{[%emt 00:00:11]} Qe5+ {[%clk 00:02:24]} {[%emt 00:00:24]} 44. Kd8 {[%clk
00:02:08]} {[%emt 00:00:29]} Qd6+ {[%clk 00:02:12]} {[%emt 00:00:41]} 45. Ke8
{[%clk 00:02:26]} {[%emt 00:00:13]} Qd7+ {[%clk 00:02:02]} {[%emt 00:00:38]}
46. Kf8 {[%clk 00:02:45]} {[%emt 00:00:12]} Be6 {[%clk 00:02:13]} {[%emt
00:00:19]} 47. c4 {[%clk 00:03:08]} {[%emt 00:00:07]} Qd8# {[%clk 00:02:09]}
{[%emt 00:00:04]} 0-1

[Event "ODJM C 2023"]
[Site "Willingen GER"]
[Date "2023.05.31"]
[Round "6"]
[White "Hellmann, Alexander"]
[Black "Kunst, Jannis"]
[Result "0-1"]
[Termination "normal"]
[Board "21"]
[WhiteElo "1156"]
[BlackElo "1364"]
[WhiteClock "00:46:19"]
[BlackClock "00:23:57"]
[PlyCount "92"]
[WhiteFideId "34612050"]
[BlackFideId "16299710"]
[EventCountry "GER"]
[EventRounds "9"]
[EventType "swiss"]
[EventDate "2023.05.27"]

1. d4 {[%clk 01:30:59]} {[%emt 00:00:01]} Nf6 {[%clk 01:30:59]} {[%emt
00:00:01]} 2. c4 {[%clk 01:31:13]} {[%emt 00:00:15]} e6 {[%clk 01:31:24]}
{[%emt 00:00:06]} 3. Nf3 {[%clk 01:31:04]} {[%emt 00:00:39]} d5 {[%clk
01:31:44]} {[%emt 00:00:10]} 4. e3 {[%clk 01:31:13]} {[%emt 00:00:20]} b6
{[%clk 01:31:46]} {[%emt 00:00:29]} 5. Bd2 {[%clk 01:31:00]} {[%emt 00:00:42]}
Bb7 {[%clk 01:32:07]} {[%emt 00:00:09]} 6. Nc3 {[%clk 01:30:58]} {[%emt
00:00:32]} Bd6 {[%clk 01:32:10]} {[%emt 00:00:26]} 7. Bd3 {[%clk 01:30:40]}
{[%emt 00:00:48]} Nbd7 {[%clk 01:32:32]} {[%emt 00:00:09]} 8. Qc2 {[%clk
01:30:34]} {[%emt 00:00:36]} a6 {[%clk 01:27:54]} {[%emt 00:05:08]} 9. O-O-O
{[%clk 01:29:08]} {[%emt 00:01:55]} dxc4 {[%clk 01:28:05]} {[%emt 00:00:19]}
10. Bxc4 {[%clk 01:29:29]} {[%emt 00:00:09]} c5 {[%clk 01:28:16]} {[%emt
00:00:19]} 11. Bd3 {[%clk 01:27:21]} {[%emt 00:02:38]} O-O {[%clk 01:28:22]}
{[%emt 00:00:24]} 12. Rhe1 {[%clk 01:21:46]} {[%emt 00:06:04]} cxd4 {[%clk
01:28:03]} {[%emt 00:00:50]} 13. Nxd4 {[%clk 01:21:46]} {[%emt 00:00:29]} Rc8
{[%clk 01:27:55]} {[%emt 00:00:38]} 14. f3 {[%clk 01:18:13]} {[%emt 00:04:04]}
b5 {[%clk 01:26:33]} {[%emt 00:01:52]} 15. a3 {[%clk 01:17:10]} {[%emt
00:01:33]} Nc5 {[%clk 01:24:21]} {[%emt 00:02:41]} 16. Kb1 {[%clk 01:15:35]}
{[%emt 00:02:06]} Nxd3 {[%clk 01:24:37]} {[%emt 00:00:14]} 17. Qxd3 {[%clk
01:15:48]} {[%emt 00:00:17]} b4 {[%clk 01:21:48]} {[%emt 00:03:20]} 18. Nce2
{[%clk 01:12:19]} {[%emt 00:03:58]} bxa3 {[%clk 01:22:03]} {[%emt 00:00:16]}
19. bxa3 {[%clk 01:12:03]} {[%emt 00:00:46]} Rb8 {[%clk 01:20:56]} {[%emt
00:01:37]} 20. Kc2 {[%clk 01:07:47]} {[%emt 00:04:46]} Qd7 {[%clk 01:19:03]}
{[%emt 00:02:22]} 21. Rc1 {[%clk 01:06:46]} {[%emt 00:01:32]} Rfc8+ {[%clk
00:58:16]} {[%emt 00:21:17]} 22. Kd1 {[%clk 01:06:45]} {[%emt 00:00:31]} Bd5
{[%clk 00:47:35]} {[%emt 00:11:10]} 23. Rxc8+ {[%clk 01:06:07]} {[%emt
00:01:09]} Rxc8 {[%clk 00:48:01]} {[%emt 00:00:03]} 24. Nc2 {[%clk 01:03:10]}
{[%emt 00:03:28]} Qa4 {[%clk 00:46:58]} {[%emt 00:01:32]} 25. Nc1 {[%clk
01:01:44]} {[%emt 00:01:57]} Bxa3 {[%clk 00:39:47]} {[%emt 00:07:42]} 26. e4
{[%clk 00:58:40]} {[%emt 00:03:34]} Bxc1 {[%clk 00:32:09]} {[%emt 00:08:07]}
27. exd5 {[%clk 00:57:49]} {[%emt 00:01:22]} Bxd2 {[%clk 00:32:20]} {[%emt
00:00:18]} 28. Kxd2 {[%clk 00:57:17]} {[%emt 00:01:02]} Nxd5 {[%clk 00:31:58]}
{[%emt 00:00:53]} 29. Ra1 {[%clk 00:57:09]} {[%emt 00:00:38]} Qf4+ {[%clk
00:31:40]} {[%emt 00:00:48]} 30. Ne3 {[%clk 00:56:18]} {[%emt 00:01:20]} Qb4+
{[%clk 00:31:39]} {[%emt 00:00:31]} 31. Kd1 {[%clk 00:52:42]} {[%emt 00:04:07]}
Nc3+ {[%clk 00:30:56]} {[%emt 00:01:13]} 32. Ke1 {[%clk 00:52:04]} {[%emt
00:01:07]} Nd5+ {[%clk 00:28:50]} {[%emt 00:02:34]} 33. Kd1 {[%clk 00:51:19]}
{[%emt 00:01:17]} Rc3 {[%clk 00:27:36]} {[%emt 00:01:44]} 34. Qd2 {[%clk
00:46:27]} {[%emt 00:05:22]} Qb3+ {[%clk 00:27:54]} {[%emt 00:00:12]} 35. Nc2
{[%clk 00:44:41]} {[%emt 00:02:15]} Rd3 {[%clk 00:24:51]} {[%emt 00:03:29]} 36.
Rxa6 {[%clk 00:44:28]} {[%emt 00:00:48]} Rxd2+ {[%clk 00:25:18]} {[%emt
00:00:03]} 37. Kxd2 {[%clk 00:44:45]} {[%emt 00:00:12]} Qc3+ {[%clk 00:25:17]}
{[%emt 00:00:30]} 38. Kc1 {[%clk 00:44:20]} {[%emt 00:00:56]} h5 {[%clk
00:25:34]} {[%emt 00:00:12]} 39. Ra3 {[%clk 00:44:21]} {[%emt 00:00:31]} Qc5
{[%clk 00:25:42]} {[%emt 00:00:16]} 40. Kd2 {[%clk 00:44:39]} {[%emt 00:00:17]}
Qf2+ {[%clk 00:24:46]} {[%emt 00:01:26]} 41. Kd3 {[%clk 00:44:55]} {[%emt
00:00:15]} Nf4+ {[%clk 00:24:32]} {[%emt 00:00:39]} 42. Ke4 {[%clk 00:45:04]}
{[%emt 00:00:25]} Qxc2+ {[%clk 00:24:52]} {[%emt 00:00:10]} 43. Kxf4 {[%clk
00:45:24]} {[%emt 00:00:11]} Qc1+ {[%clk 00:24:22]} {[%emt 00:01:01]} 44. Re3
{[%clk 00:45:51]} {[%emt 00:00:03]} g5+ {[%clk 00:24:29]} {[%emt 00:00:22]} 45.
Ke4 {[%clk 00:46:04]} {[%emt 00:00:17]} Qc4+ {[%clk 00:24:00]} {[%emt
00:00:58]} 46. Ke5 {[%clk 00:46:19]} {[%emt 00:00:16]} Qf4# {[%clk 00:23:57]}
{[%emt 00:00:32]} 0-1